• 首页
  • 本馆介绍
  • 公告通知
  • 最新文献
  • 馆藏检索
  • 电子资源
  • 读者导购
  • 参考咨询
  • 我的图书馆
  • 登录
  • 详细信息显示
  • 放入我的书架
  • 预约/预借图书
  • 作者相关作品
  • 分类相关作品
  • 丛书相关作品
  • 出版社相关作品

书目信息

  • 表格格式
  • 工作单格式
  • 卡片格式
题名:
怎样节约锅炉燃料
    
 
作者: 张永年 编著
分册:  
出版信息: 北京   科学普及出版社  1982
页数: 71页
开本: 19cm
丛书名: 节约能源防止污染小丛书
单 册:
中图分类: TK227.1
科图分类:
主题词: 锅炉-节能 , 节能-锅炉
电子资源:
ISBN:
000 00717nam2 2200265 45
001 0182010737
005 20060817094057.29
010    @dCNY0.23
091    @aCN@b15051.1015
100    @a19950629d1982 em y0chiy0121 ea
101 0  @achi
102    @aCN@b110000
105    @ay z 000yy
200 10 @a怎样节约锅炉燃料@Azen yang jie yue guo lu ran liao@f张永年编著
210    @a北京@c科学普及出版社@d1982
215    @a71页@d19cm
225 2  @a节约能源防止污染小丛书
410  0 @120010@a节约能源防止污染小丛书
606    @a锅炉-节能
606    @a节能-锅炉
690    @aTK227.1@v3
701  0 @a张永年@Azhang yong nian@4编著
801  2 @aCN@bNLC@c20060817
801  0 @aCN@bTSSF
905    @a10447@dTK227.1@e75
    
    怎样节约锅炉燃料/张永年编著.-北京:科学普及出版社,1982
    71页;19cm.-(节约能源防止污染小丛书)
    
    
    ISBN :CNY0.23
    
●
相关链接 在E读中查询图书 在五车中查询图书 在当当中查询图书 在豆瓣中查询图书


正题名:怎样节约锅炉燃料     索取号:TK227.1/75         预约/预借

序号 登录号 条形码 馆藏地/架位号 状态 备注
1 0458742   204587429   密集书库/ [索取号:TK227.1/75] 在馆    
唐山师范学院图书馆 欢迎您!
大连网信软件有限公司© 版权所有